| 000 | 00875nam a2200193 i 4500 | ||
|---|---|---|---|
| 001 | 43300 | ||
| 003 | ES-MaACL | ||
| 005 | 20230906160752.0 | ||
| 007 | t| | ||
| 008 | 030317s1872 sp |||| | spa d | ||
| 110 | 2 |
_aEstablecimiento de Horticultura de Juan Cruz de Eguileor. _9159138 |
|
| 245 | 1 | 0 | _aCatálogo descriptivo de los árboles frutales y de adorno, arbustos, semillas y otros vejetales que existen en el establecimiento de horticultura de Juan Cruz de Eguileor, Bilbao, Abando. |
| 260 |
_aBilbao : _b[s.n.], _c1872 ( _fImp. de la Viuda de Delmas) |
||
| 300 |
_a20 p. ; _c21 cm. |
||
| 650 | 4 |
_aÁrboles frutales- _vCatálogos. _9151880 |
|
| 650 | 4 |
_aPlantas ornamentales- _vCatálogos. _9151881 |
|
| 650 | 4 |
_aPlantas- _vCatálogos. _9141827 |
|
| 852 |
_aES-MaACL _jT-678-F-3 _z.- Sello de "Los Escolares Médicos" _z- Enc. en un vol. facticio conservando cub. original |
||
| 999 |
_c43300 _d43300 |
||